Fundamentals of Physics (Record no. 5396)

MARC details
000 -LEADER
fixed length control field 00952cam a2200277 a 4500
001 - CONTROL NUMBER
control field 12751440
003 - CONTROL NUMBER IDENTIFIER
control field OSt
005 - DATE AND TIME OF LATEST TRANSACTION
control field 20190924145234.0
008 - FIXED-LENGTH DATA ELEMENTS--GENERAL INFORMATION
fixed length control field 020423s2003 nyua 001 0 eng
010 ## - LIBRARY OF CONGRESS CONTROL NUMBER
LC control number 2002281486
020 ## - INTERNATIONAL STANDARD BOOK NUMBER
International Standard Book Number 0471216437
040 ## - CATALOGING SOURCE
Transcribing agency DDC.
082 00 - DEWEY DECIMAL CLASSIFICATION NUMBER
Classification number 530HAL 2005
100 1# - MAIN ENTRY--PERSONAL NAME
Personal name Halliday, David; Resnick, Robert; Walker, Jearl,
9 (RLIN) 8105
245 10 - TITLE STATEMENT
Title Fundamentals of Physics
250 ## - EDITION STATEMENT
Edition statement 7th ed.
260 ## - PUBLICATION, DISTRIBUTION, ETC. (IMPRINT)
Place of publication, distribution, etc. New York :
Name of publisher, distributor, etc. Wiley,
Date of publication, distribution, etc. 2005
300 ## - PHYSICAL DESCRIPTION
Extent xxii,1056p;
Other physical details col. ill;
Dimensions 27 cm.
504 ## - BIBLIOGRAPHY, ETC. NOTE
Bibliography, etc includes index.
650 #0 - SUBJECT ADDED ENTRY--TOPICAL TERM
Topical term or geographic name as entry element Physics.
9 (RLIN) 809
856 42 - ELECTRONIC LOCATION AND ACCESS
Materials specified Publisher description
Uniform Resource Identifier http://www.loc.gov/catdir/description/wiley041/2002281486.html
856 41 - ELECTRONIC LOCATION AND ACCESS
Materials specified Table of contents only
Uniform Resource Identifier http://www.loc.gov/catdir/enhancements/fy0613/2002281486-t.html
906 ## - LOCAL DATA ELEMENT F, LDF (RLIN)
a 7
b cbc
c origcop
d 3
e ncip
f 20
g y-gencatlg
942 ## - ADDED ENTRY ELEMENTS (KOHA)
Source of classification or shelving scheme Dewey Decimal Classification
Koha item type Open Shelf
Holdings
Withdrawn status Lost status Source of classification or shelving scheme Damaged status Not for loan Home library Current library Date acquired Source of acquisition Inventory number Total Checkouts Full call number Barcode Date last seen Price effective from Koha item type
    Dewey Decimal Classification     MUST Main Library MUST Main Library 14/11/2016   08/30424   530HAL 2005 2016-4925 14/11/2016 14/11/2016 Open Shelf
    Dewey Decimal Classification     MUST Main Library MUST Main Library 28/03/2017   10/32066   530HAL 2005 2017-0679 28/03/2017 28/03/2017 Open Shelf